Statistics for Țările mai apropiate de România - Curse de 30 de secunde

Click here to take the quiz!

General Stats

  • This quiz has been taken 4 times
  • The average score is 4 of 20

Answer Stats

kmțară% Correct
304Austria
67%
0Bulgaria
67%
0Ungaria
67%
129Bosnia și
Herțegovina
33%
235Grecia
33%
0Moldova
33%
0Serbia
33%
0Ucraina
33%
266Albania
0%
365Belarus
0%
322Cehia
0%
107Croația
0%
156Kosovo
0%
170Macedonia
0%
221Muntenegru
0%
101Polonia
0%
220Rusia
0%
68Slovacia
0%
284Slovenia
0%
201Turcia
0%

Score Distribution

Percentile by Number Answered

Percent of People with Each Score

Your Score History

You have not taken this quiz